|
|
|
|
| LEADER |
00000cam a2200000 7i4500 |
| 001 |
0000009005 |
| 005 |
20021119093000.0 |
| 008 |
021119n |
| 020 |
|
|
|a 9678901390
|
| 090 |
0 |
0 |
|a KM1650.A3166
|b A3 1988 (A)
|
| 110 |
0 |
|
|a Malaysia
|e author
|
| 245 |
0 |
0 |
|a Sale of Goods (Malay States) Ordinance, 1957 (no. 1 of 1957)
|c compiled by Legal Research Board
|
| 260 |
2 |
|
|a Kuala Lumpur :
|b International Law Book Services ,
|c 1988
|
| 300 |
|
|
|a iv, 23 p. ; ;
|c 25 cm.
|
| 501 |
|
|
|a As at 20th June 1988
|
| 650 |
|
0 |
|a Commercial law
|z Malaysia
|
| 999 |
|
|
|a 1000019604
|b Legislations
|c Reference
|e Gong Badak Campus
|